000 00437nam a22001457a 4500
005 20260303114800.0
008 260303b |||||||| |||| 00| 0 eng d
020 _a978-9914-44-772-9
100 _aMULINDI, ERIC
245 _aOXFORD GENERAL SCIENCE TODAY: GRADE 10 LEARNER'S BOOK
260 _aNAIROBI
_bOXFORD UNIVERSITY PRESS
_c2025
300 _aIV, 267P.
650 _aSCIENCE-TEXBOOKS-SECONDARY EDUCATION-KENYA
942 _2lcc
_cBK
999 _c216755
_d216755